Sports Quiz

Random Sports or NFL Quiz

NFL Standings 2011 Regular Season Quiz Stats

 Plays Quiz not verified by Sporcle

Score 0/32 Timer 04:00
0 Plays Today
Rank and Division NFL Team % Correct
1-NFC NorthGreen Bay Packers
99.2%
2- AFC EastNew England Patriots
99.2%
2- NFC SouthNew Orleans Saints
96.8%
5- AFC NorthBaltimore Ravens
96%
5- AFC NorthPittsburgh Steelers
96%
2- NFC WestSan Francisco 49ers
93.6%
7- NFC SouthAtlanta Falcons
92.8%
7- NFC NorthDetroit Lions
92%
10- AFC NorthCincinnati Bengals
91.2%
10- NFC EastNew York Giants
89.6%
7- AFC SouthHouston Texans
88.8%
13- NFC NorthChicago Bears
85.6%
13- NFC EastPhiladelphia Eagles
85.6%
10- AFC SouthTennessee Titans
84%
13- NFC WestArizona Cardinals
84%
13- AFC WestDenver Broncos
84%
Rank and Division NFL Team % Correct
13- AFC EastNew York Jets
82.4%
13- AFC WestOakland Raiders
80.8%
13- NFC EastDallas Cowboys
80.8%
13- AFC WestSan Diego Chargers
80.8%
21- AFC WestKansas City Chiefs
80%
21- NFC WestSeattle Seahawks
78.4%
23- AFC EastMiami Dolphins
77.6%
23- AFC EastBuffalo Bills
76%
23- NFC SouthCarolina Panthers
74.4%
26- AFC SouthJacksonville Jaguars
72%
26- NFC EastWashington Redskins
72%
28- AFC NorthCleveland Browns
72%
28- NFC SouthTampa Bay Buccaneers
68.8%
30- NFC NorthMinnesota Vikings
68%
31- AFC SouthIndianapolis Colts
67.2%
31- NFC WestSt. Louis Rams
64.8%

You're not logged in!

Compare scores with friends on all Sporcle quizzes.
OR
Log In

Show Comments

Extras

Top Quizzes Today


Score Distribution

Your Account Isn't Verified!

In order to create a playlist on Sporcle, you need to verify the email address you used during registration. Go to your Sporcle Settings to finish the process.

Report this User

Report this user for behavior that violates our Community Guidelines.

Details: